000 01457nam a2200289Ia 4500
999 _c36424
_d36424
001 2338
003 GE_BSU
005 20190529183319.0
008 181216s2009||||ge |||||||||||||| ||geo||
020 _a9789941409189
040 _cGE_BSU
041 _ageo
080 _a633.4(035)
100 _aვერულიძე, გულნარა
_91810
245 _aკარტოფილის წარმოების ტექნოლოგია :
_bსახელმძღვ. ცნობარი ფერმერთათვის /
_cავტ.: გულნარა ვერულიძე, ციალა ბოლქვაძე, შოთა ლამპარაძე ; რედ. ო. შაინიძე.
264 _a ბათუმი :
_bშოთა რუსთაველის სახელმწ. უნ-ტის გამ-ბა,
_c2009.
300 _a46 გვ.:
_bილ.;
_c20 სმ.
504 _aბიბლიოგრ.: გვ. 45.
541 _h2 ლ.
653 _aკარტოფილის წარმოება
653 _aმეკარტოფილეობა
653 _aცნობარები
700 _aბოლქვაძე, ციალა
_eავტორი
_91811
700 _aლამპარაძე, შოთა
_eავტორი
_91795
700 _aშაინიძე, ო.
_eრედაქტორი
_91798
942 _cBK
_2udc